Slavic Countries on a Map - Statistics

General Stats
  • This quiz has been taken 458 times
  • The average score is 12 of 13
Answers on the Map
Answers color-coded by a green-red scale on the quiz's map according to % correct below.
 
Answer Stats
Countries % Correct
Poland
96%
Russia
95%
Ukraine
95%
Belarus
94%
Slovakia
94%
Czech Republic
92%
North Macedonia
92%
Serbia
92%
Slovenia
92%
Bosnia and Herzegovina
91%
Bulgaria
91%
Croatia
91%
Montenegro
88%
No matching quizzes found
Score Distribution
Percent of People with Each Score
Percentile by Number Answered
Your Score History
You have not taken this quiz